[Event "2BLS 1718 SV Griesheim - SC Boeblingen"]
[Site "?"]
[Date "2018.02.24"]
[Round "9.8"]
[White "Nothnagel, Marian Can"]
[Black "Schwab, Matthias"]
[Result "1-0"]
[WhiteElo "2308"]
[BlackElo "2144"]
[PlyCount "111"]
[EventDate "2018.??.??"]

1. e4 e5 2. Nf3 Nc6 3. Bc4 Bc5 4. c3 Nf6 5. d3 a6 6. Bb3 d6 7. O-O Ba7 8. Be3
O-O 9. Nbd2 Bxe3 10. fxe3 d5 11. exd5 Nxd5 12. Qe1 Nf6 13. Bc2 Qe7 14. h3 e4
15. dxe4 Nd7 16. Nd4 Nde5 17. Qg3 Bd7 18. Bb3 Kh8 19. N2f3 Nxf3+ 20. Nxf3 Rac8
21. Bd5 f6 22. Rad1 Nd8 23. Nh4 Be6 24. Nf5 Bxf5 25. exf5 c6 26. Bb3 Nf7 27.
Be6 Rcd8 28. h4 Ne5 29. Rd4 c5 30. Rd5 Rxd5 31. Bxd5 b6 32. e4 Rd8 33. Rd1 Qe8
34. Qf4 Qh5 35. Rd2 Qg4 36. Qxg4 Nxg4 37. g3 Ne5 38. Kf2 g6 39. Ke3 Kg7 40. Kf4
a5 41. g4 h6 42. g5 hxg5+ 43. hxg5 Rh8 44. fxg6 Rh3 45. Kf5 Rh5 46. Ke6 Rxg5
47. Kd6 c4 48. a4 Rg1 49. Kc7 Ra1 50. Kxb6 Rxa4 51. Kb5 Ra1 52. Bxc4 a4 53. Rg2
a3 54. bxa3 Rxa3 55. Kb4 Ra8 56. Bb5 1-0

[Event "2BLS 1718 OSG Baden Baden II - FB Mörle"]
[Site "?"]
[Date "2018.02.25"]
[Round "10.1"]
[White "Kunin, Vitaly"]
[Black "Gozzoli, Yannick"]
[Result "1/2-1/2"]
[WhiteElo "2574"]
[BlackElo "2564"]
[PlyCount "109"]
[EventDate "2018.??.??"]

1. d4 Nf6 2. c4 c6 3. Nf3 d5 4. e3 a6 5. Nc3 e6 6. Qc2 Nbd7 7. b3 Bb4 8. Bd2
O-O 9. Be2 Qe7 10. O-O e5 11. dxe5 Nxe5 12. cxd5 cxd5 13. Nxe5 Qxe5 14. Ne4 Be7
15. Nxf6+ Bxf6 16. Bd3 h6 17. Rac1 Bd7 18. Bc3 Qxc3 19. Qxc3 Bxc3 20. Rxc3 Rfc8
21. Rfc1 Kf8 22. Rxc8+ Rxc8 23. Rxc8+ Bxc8 24. Kf1 Ke7 25. Ke2 Kd6 26. Kd2 a5
27. Kc3 b6 28. Kd4 Bd7 29. a3 Bc8 30. b4 axb4 31. axb4 Bd7 32. Bc2 f6 33. Bb3
Bc6 34. g3 Bb7 35. Bd1 Bc8 36. Bf3 Be6 37. Bh5 Bf5 38. Bf3 Be6 39. h4 g5 40.
Bd1 Bd7 {(=)} 41. Bb3 Bc6 42. Ba2 Ba8 43. b5 Bb7 44. Bb3 Ba8 45. Bd1 Bb7 46.
Bg4 gxh4 47. gxh4 Ke7 48. Bh5 Ba8 49. f3 Bb7 50. Bg4 Kd6 51. Bf5 Ke7 52. f4 Kd6
53. Bh3 Ke7 54. Bg2 Ke6 55. Bh3+ {(=)} 1/2-1/2

[Event "2BLS 1718 OSG Baden Baden II - FB Mörle"]
[Site "?"]
[Date "2018.02.25"]
[Round "10.2"]
[White "Bellahcene, Bilel"]
[Black "Galdunts, Sergey"]
[Result "1/2-1/2"]
[WhiteElo "2503"]
[BlackElo "2421"]
[PlyCount "86"]
[EventDate "2018.??.??"]

1. e4 e5 2. Nf3 Nc6 3. Bb5 a6 4. Ba4 Nf6 5. O-O Be7 6. d3 d6 7. a3 O-O 8. h3
Nd7 9. c3 Nc5 10. Bc2 f5 11. exf5 Bxf5 12. d4 Bxc2 13. Qxc2 exd4 14. Nxd4 Bf6
15. Be3 Qd7 16. Nd2 Nxd4 17. cxd4 Ne6 18. Ne4 Bxd4 19. Ng5 Nxg5 20. Bxd4 Ne6
21. Be3 d5 22. f4 Rae8 23. f5 Nd8 24. Qd3 Re5 25. g4 Rfe8 26. Rf3 Nf7 27. Raf1
Re4 28. Bf4 c5 29. R3f2 c4 30. Qg3 d4 31. g5 g6 32. Bd2 Ne5 33. fxg6 Nxg6 34.
Rf7 R4e7 35. R7f6 Re2 36. Rd6 Qg7 37. Bb4 Qe5 38. Qxe5 R2xe5 39. Rxd4 Rxg5+ 40.
Kh1 Re3 41. Kh2 Re2+ 42. Kh1 Re3 43. Kh2 Re2+ {(=)} 1/2-1/2

[Event "2BLS 1718 OSG Baden Baden II - FB Mörle"]
[Site "?"]
[Date "2018.02.25"]
[Round "10.3"]
[White "Legde, Georg"]
[Black "Riff, Jean-Noel"]
[Result "0-1"]
[WhiteElo "2322"]
[BlackElo "2495"]
[PlyCount "52"]
[EventDate "2018.??.??"]

1. d4 Nf6 2. c4 e6 3. Nc3 Bb4 4. Qc2 O-O 5. Nf3 d6 6. g3 Nbd7 7. Bg2 e5 8. O-O
Re8 9. Rd1 c6 10. dxe5 dxe5 11. a3 Bf8 12. Bg5 Qc7 13. b4 h6 14. Be3 Nb6 15.
Na4 Nxa4 16. Qxa4 Ng4 17. Bd2 e4 18. Bf4 Qe7 19. Ne1 Qf6 20. Nc2 Nxf2 21. Kxf2
g5 22. e3 gxf4 23. exf4 Bg4 24. Re1 Rad8 25. Ne3 Rd2+ 26. Kf1 Be2+ 0-1

[Event "2BLS 1718 OSG Baden Baden II - FB Mörle"]
[Site "?"]
[Date "2018.02.25"]
[Round "10.4"]
[White "Burri, Quentin"]
[Black "Beck, Daniel"]
[Result "1-0"]
[WhiteElo "2407"]
[BlackElo "2138"]
[PlyCount "81"]
[EventDate "2018.??.??"]

1. e4 c5 2. Nf3 d6 3. d4 cxd4 4. Nxd4 Nf6 5. Nc3 g6 6. Be3 Bg7 7. f3 Nc6 8. Bc4
O-O 9. Bb3 Bd7 10. Qd2 Rc8 11. O-O-O Ne5 12. h4 h5 13. g4 hxg4 14. h5 Nxh5 15.
Bh6 Rc5 16. Rdg1 Nd3+ 17. cxd3 Bxd4 18. Be3 Bxe3 19. Qxe3 Qa5 20. fxg4 Rxc3+
21. bxc3 Qxc3+ 22. Kb1 Bb5 23. Rd1 Nf4 24. Qxf4 Bxd3+ 25. Rxd3 Qxd3+ 26. Bc2
Qb5+ 27. Kc1 Qe5 28. Qxe5 dxe5 29. Rd1 Rb8 30. Kb2 Kg7 31. Bb3 b5 32. Rd7 Kf6
33. Rxa7 Rh8 34. Rb7 Rh2+ 35. Bc2 Rg2 36. Rxb5 Rxg4 37. a4 Rh4 38. Rb8 Kg5 39.
a5 f5 40. a6 fxe4 41. a7 1-0

[Event "2BLS 1718 OSG Baden Baden II - FB Mörle"]
[Site "?"]
[Date "2018.02.25"]
[Round "10.5"]
[White "Boehmer, Christian"]
[Black "Schmaltz, Roland"]
[Result "1/2-1/2"]
[WhiteElo "2169"]
[BlackElo "2477"]
[PlyCount "170"]
[EventDate "2018.??.??"]

1. c4 Nf6 2. Nc3 g6 3. Nf3 Bg7 4. g3 O-O 5. Bg2 d6 6. O-O e5 7. d3 h6 8. Rb1 a5
9. a3 Re8 10. Ne1 c6 11. e4 Na6 12. Nc2 Nc5 13. b4 axb4 14. axb4 Ne6 15. Be3 h5
16. h3 h4 17. Qd2 Nh5 18. Ne2 Ra2 19. Bf3 Nd4 20. Bxd4 exd4 21. g4 Nf6 22. Nc1
Ra4 23. Bd1 d5 24. exd5 cxd5 25. c5 Ra6 26. b5 Ra4 27. Nb4 Ra5 28. c6 Ra8 29.
Nb3 Qb6 30. Qf4 Qxb5 31. Nxd4 Qc5 32. Bf3 bxc6 33. Rfc1 Qf8 34. Rxc6 Be6 35.
Na6 Nh7 36. Nc7 Bd7 37. Nxe8 Rxe8 38. Bxd5 Bxc6 39. Nxc6 Nf6 40. Bc4 Qc5 41.
Qc7 Kh7 42. Bxf7 Re2 43. d4 Qc2 44. Rf1 Ne4 45. Qc8 Rxf2 46. Bg8+ Kh6 47. g5+
Nxg5 48. Rxf2 Qc1+ 49. Kg2 Bxd4 50. Qf8+ Bg7 51. Qd6 Qc3 52. Be6 Qe3 53. Qf4
Qxf4 54. Rxf4 Nxe6 55. Rxh4+ Kg5 56. Rg4+ Kf6 57. Nd4 Nxd4 58. Rxd4 Kf7 59. Rd5
Bf6 60. Kf3 Ke6 61. Ke4 Kf7 62. Rd6 Bc3 63. Kd5 Bb2 64. Kc4 Be5 65. Rd2 Ke6 66.
Rg2 Kf5 67. Kd5 Bf4 68. Rf2 g5 69. Rf1 g4 70. hxg4+ Kxg4 71. Ke4 Bc7 72. Rg1+
Kh3 73. Kf3 Kh2 74. Rg2+ Kh1 75. Kf2 Bb6+ 76. Kf1 Bc7 77. Rc2 Bd6 78. Kf2 Be5
79. Rc4 Bb8 80. Ra4 Bc7 81. Rh4+ Bh2 82. Kf3 Kg1 83. Rg4+ Kh1 84. Kf2 Bd6 85.
Rc4 Bb8 1/2-1/2

[Event "2BLS 1718 OSG Baden Baden II - FB Mörle"]
[Site "?"]
[Date "2018.02.25"]
[Round "10.6"]
[White "Drabke, Lorenz Maximilian"]
[Black "Klings, Peter"]
[Result "1-0"]
[WhiteElo "2427"]
[BlackElo "2162"]
[PlyCount "137"]
[EventDate "2018.??.??"]

1. e4 c6 2. c4 d5 3. cxd5 cxd5 4. exd5 Nf6 5. Nc3 Nxd5 6. Nf3 Nc6 7. Bb5 e6 8.
O-O Be7 9. d4 O-O 10. Re1 Bd7 11. Bd3 Bf6 12. Be4 Re8 13. Qd3 h6 14. Bd2 Nce7
15. Ne5 Bxe5 16. dxe5 Nxc3 17. Bxc3 Bc6 18. Bb4 Qxd3 19. Bxd3 Rad8 20. Rad1 Rd7
21. f3 Kh8 22. Kf2 Red8 23. Bc2 Nd5 24. Bc5 b6 25. Bd6 Rc8 26. Bd3 b5 27. Rc1
a6 28. Rc5 Bb7 29. Rxc8+ Bxc8 30. Rc1 Bb7 31. h4 h5 32. g3 Kg8 33. Ke2 Rd8 34.
Be4 Rd7 35. a3 f5 36. Bd3 Kf7 37. b3 Rd8 38. Rc5 Rc8 39. Rxc8 Bxc8 40. Bc2 f4
41. g4 g6 42. Bc5 Bb7 43. Kf2 Bc6 44. Be4 Bb7 45. Ke1 Bc6 46. Kd2 Bd7 47. Kd3
a5 48. Bf2 Ne7 49. Bc5 Nc6 50. Bd6 Be8 51. g5 Bd7 52. Kc3 Be8 53. Bd3 Na7 54.
Kd4 Bc6 55. Bc5 Nc8 56. Be4 Bd7 57. Bb7 a4 58. bxa4 bxa4 59. Ke4 Ke8 60. Kxf4
Kd8 61. Ke3 Kc7 62. Be4 Be8 63. Kd4 Bf7 64. Kc4 Be8 65. Kb4 Nb6 66. Bxb6+ Kxb6
67. Bd3 Bc6 68. Bxg6 Bxf3 69. Bf7 1-0

[Event "2BLS 1718 OSG Baden Baden II - FB Mörle"]
[Site "?"]
[Date "2018.02.25"]
[Round "10.7"]
[White "Wohlfart, Paulus"]
[Black "Mutschnik, Illya"]
[Result "0-1"]
[WhiteElo "2091"]
[BlackElo "2429"]
[PlyCount "76"]
[EventDate "2018.??.??"]

1. d4 Nf6 2. c4 g6 3. Nc3 Bg7 4. e4 O-O 5. Bd3 d6 6. Nge2 e5 7. d5 Nh5 8. O-O
Nd7 9. Be3 f5 10. exf5 gxf5 11. f3 c5 12. dxc6 bxc6 13. Bc2 Ndf6 14. Bb3 Be6
15. Qd2 Qe7 16. Bg5 Rad8 17. f4 h6 18. Bh4 Qf7 19. Qe3 Ng4 20. Qd2 Rd7 21. h3
Ngf6 22. Qe3 exf4 23. Qf3 Bxc4 24. Qxc6 Bxb3 25. axb3 Rc7 26. Qxd6 Ne4 27. Qd5
Qxd5 28. Nxd5 Rc2 29. Ndxf4 Nxf4 30. Nxf4 Bxb2 31. Ra6 Bd4+ 32. Kh1 Rfc8 33.
Nd3 R2c3 34. Rd1 Bb6 35. Raa1 Rxb3 36. g4 fxg4 37. Ra4 Re8 38. hxg4 Nc3 0-1

[Event "2BLS 1718 OSG Baden Baden II - FB Mörle"]
[Site "?"]
[Date "2018.02.25"]
[Round "10.8"]
[White "Kachiani-Gersinska, Ketino"]
[Black "Wrede, Michael"]
[Result "1-0"]
[WhiteElo "2337"]
[BlackElo "2187"]
[PlyCount "74"]
[EventDate "2018.??.??"]

1. d4 e6 2. c4 f5 3. g3 Nf6 4. Bg2 d5 5. Nh3 c6 6. Qc2 Bd6 7. O-O O-O 8. Bf4
Na6 9. Nd2 Nc7 10. Rad1 Qe7 11. Nf3 Bd7 12. Ne5 dxc4 13. Nxc4 Bxf4 14. Nxf4
Ncd5 15. Nd3 Be8 16. Na5 Qc7 17. Qd2 Bf7 18. b4 Rab8 19. Rc1 a6 20. a3 Rfe8 21.
Rc2 Qb6 22. Ne5 Rbd8 23. Rfc1 Ne7 24. e3 Nfd5 25. h3 Rf8 26. Qe2 Be8 27. Nb3
Bd7 28. f4 Bc8 29. g4 Qc7 30. Na5 Qb6 31. Kh1 g5 32. fxg5 f4 33. Nac4 Qa7 34.
e4 f3 35. Nxf3 Nf4 36. Qe3 Neg6 37. e5 Nxg2 1-0

[Event "2BLS 1718 SC Emmendingen - SC Viernheim"]
[Site "?"]
[Date "2018.02.25"]
[Round "10.2"]
[White "Hera, Imre"]
[Black "Malakhov, Vladimir"]
[Result "1/2-1/2"]
[WhiteElo "2619"]
[BlackElo "2692"]
[PlyCount "41"]
[EventDate "2018.??.??"]

1. e4 e5 2. Nf3 Nc6 3. Nc3 Nf6 4. d4 exd4 5. Nxd4 Bb4 6. Nxc6 bxc6 7. Bd3 O-O
8. O-O d5 9. exd5 cxd5 10. h3 c6 11. Qf3 Bd6 12. Bf4 Be6 13. Rad1 Qb8 14. Bxd6
Qxd6 15. Ne2 a5 16. Rfe1 Rfb8 17. b3 a4 18. Nd4 axb3 19. axb3 Re8 20. b4 Qxb4
21. Nxc6 {(=)} 1/2-1/2

[Event "2BLS 1718 SC Emmendingen - SC Viernheim"]
[Site "?"]
[Date "2018.02.25"]
[Round "10.3"]
[White "Kryvoruchko, Yuriy"]
[Black "Baklan, Vladimir"]
[Result "1-0"]
[WhiteElo "2693"]
[BlackElo "2599"]
[PlyCount "75"]
[EventDate "2018.??.??"]

1. e4 e6 2. d4 d5 3. Nc3 Nf6 4. e5 Nfd7 5. f4 c5 6. Nf3 Be7 7. Be3 O-O 8. Qd2
b6 9. a3 Nc6 10. Be2 f5 11. O-O-O c4 12. Bxc4 dxc4 13. d5 Ndb8 14. d6 Qe8 15.
dxe7 Nxe7 16. Qe2 b5 17. Bc5 Nd7 18. Bxe7 Qxe7 19. Nxb5 Rb8 20. Nd6 c3 21. b3
Nc5 22. Qc4 Ne4 23. Nd4 Nxd6 24. Qc5 Rb6 25. Ne2 Qb7 26. exd6 Bd7 27. Nxc3 Rc8
28. Qd4 Rxb3 29. cxb3 Qxb3 30. Kd2 Rc4 31. Qe5 Qb2+ 32. Kd3 Re4 33. Qc5 Kf7 34.
Rhe1 Ba4 35. Nxe4 fxe4+ 36. Ke3 Bxd1 37. Rxd1 Qxg2 38. Qh5+ 1-0

[Event "2BLS 1718 SC Emmendingen - SC Viernheim"]
[Site "?"]
[Date "2018.02.25"]
[Round "10.4"]
[White "Korpa, Bence"]
[Black "Amin, Bassem"]
[Result "0-1"]
[WhiteElo "2497"]
[BlackElo "2688"]
[PlyCount "132"]
[EventDate "2018.??.??"]

1. e4 e5 2. Nf3 Nc6 3. Nc3 Nf6 4. d4 exd4 5. Nxd4 Bb4 6. Nxc6 bxc6 7. Bd3 d5 8.
exd5 cxd5 9. O-O O-O 10. h3 Rb8 11. Qf3 Bb7 12. Nb5 d4 13. Qf4 Qd5 14. Qg5 c5
15. Qxd5 {(=)} Bxd5 16. Nd6 Ba5 17. Nc4 Bxc4 18. Bxc4 Rfe8 19. Rb1 Rb4 20. b3
Rb6 21. Ba3 Rc8 22. f3 Nh5 23. Kf2 Nf4 24. Bc1 Ng6 25. f4 Rf6 26. g3 Ne5 27.
Be2 g6 28. Kg2 Nc6 29. a3 Ne7 30. Bg4 Rc7 31. Bf3 Nf5 32. Rd1 Re6 33. Bd2 Bxd2
34. Rxd2 Re3 35. Kf2 Kg7 36. Rg1 c4 37. bxc4 Rxc4 38. Be2 Rcc3 39. Bd3 Nd6 40.
Ra1 Rxg3 41. Kxg3 Ne4+ 42. Kf3 Nxd2+ 43. Ke2 Nc4 44. Bxc4 Rxc4 45. Kd3 Rc3+ 46.
Kxd4 Rxc2 47. Rb1 Rd2+ 48. Ke4 Re2+ 49. Kf3 Rh2 50. Kg4 Rg2+ 51. Kf3 Rc2 52.
Rb3 Rc4 53. Kg3 Ra4 54. Rc3 f5 55. Rc7+ Kh6 56. Rc3 Kh5 57. Rd3 h6 58. Rf3 Rc4
59. Rd3 a5 60. Rb3 a4 61. Rd3 Rc2 62. Rd6 Rc3+ 63. Kg2 Rxa3 64. Ra6 Ra1 65. Kg3
a3 66. Kg2 g5 0-1

[Event "2BLS 1718 SC Emmendingen - SC Viernheim"]
[Site "?"]
[Date "2018.02.25"]
[Round "10.5"]
[White "Kovalenko, Igor"]
[Black "Sokolov, Andrei"]
[Result "1/2-1/2"]
[WhiteElo "2643"]
[BlackElo "2490"]
[PlyCount "167"]
[EventDate "2018.??.??"]

1. c4 Nf6 2. Nf3 e6 3. g3 d5 4. Bg2 dxc4 5. Qa4+ Nbd7 6. Qxc4 c5 7. Qb3 Bd6 8.
Nc3 a6 9. a4 Rb8 10. a5 b5 11. axb6 Nxb6 12. d3 O-O 13. O-O h6 14. Nd2 Be5 15.
Qc2 Qc7 16. Na4 Nfd7 17. Nxb6 Nxb6 18. Ra5 Bd6 19. b3 Nd5 20. Nc4 Be7 21. Bd2
Rb5 22. Ra4 Nb4 23. Qb2 Bf6 24. Bc3 Bxc3 25. Qxc3 Bd7 26. Rc1 Rfb8 27. Nd2 Qd8
28. Qa1 Qe7 29. Ra5 Rxa5 30. Qxa5 Rb5 31. Qc7 Nd5 32. Qa7 Bc8 33. Qxe7 Nxe7 34.
f4 Kf8 35. Kf2 f5 36. Rc3 Bd7 37. Rc2 Nd5 38. Bxd5 exd5 39. Ra2 Bc8 40. e3 Ke7
41. d4 cxd4 42. exd4 Kd6 43. Ke3 Rb6 44. Kd3 g5 45. Ra1 Bd7 46. Kc2 Kc7 47. Nf3
gxf4 48. gxf4 Rg6 49. Rg1 Rg4 50. Kc3 Rxf4 51. Ne5 Bb5 52. Rg7+ Kc8 53. Rf7 Rh4
54. Rxf5 Rxh2 55. Kb4 Kc7 56. Ng6 Kd7 57. Ne5+ Kd6 58. Ng6 Ke6 59. Re5+ Kf7 60.
Nf4 Rh4 61. Rf5+ Kg7 62. Kc5 Bd7 63. Rxd5 Rxf4 64. Rxd7+ Rf7 65. Rd6 Rc7+ 66.
Rc6 Rxc6+ 67. Kxc6 h5 68. d5 h4 69. d6 h3 70. d7 h2 71. d8=Q h1=Q+ 72. Kb6 Qa1
73. Qe7+ Kg8 74. Qe6+ Kf8 75. Qc8+ Ke7 76. Qxa6 Qd4+ 77. Ka5 Qa1+ 78. Kb5 Qf1+
79. Kb6 Qf2+ 80. Kc7 Qg3+ 81. Kc8 Qc3+ 82. Qc4 Qxc4+ 83. bxc4 Kd6 84. c5+
1/2-1/2

[Event "2BLS 1718 SC Emmendingen - SC Viernheim"]
[Site "?"]
[Date "2018.02.25"]
[Round "10.6"]
[White "Cvitan, Ognjen"]
[Black "Anton Guijarro, David"]
[Result "0-1"]
[WhiteElo "2482"]
[BlackElo "2666"]
[PlyCount "72"]
[EventDate "2018.??.??"]

1. d4 f5 2. g3 Nf6 3. Bg2 g6 4. Nf3 Bg7 5. O-O O-O 6. b3 b6 7. c4 Bb7 8. Bb2 e6
9. Nc3 d5 10. e3 Nbd7 11. Rc1 c6 12. Ne2 Qe7 13. Nf4 Ne4 14. h4 a5 15. a4 Rac8
16. Qe2 Ba6 17. Rfd1 Rfe8 18. Qc2 Bf6 19. Qb1 Bg7 20. Rc2 Bb7 21. Qa2 Qf7 22.
Ne5 Nxe5 23. dxe5 h6 24. Bf3 Red8 25. cxd5 cxd5 26. Bd4 g5 27. hxg5 hxg5 28.
Nh5 g4 29. Bxe4 dxe4 30. Rxc8 Rxc8 31. Nxg7 Kxg7 32. Kg2 Ba6 33. Re1 Rh8 34.
Rh1 Rxh1 35. Kxh1 Qh5+ 36. Kg1 Qh3 0-1

[Event "2BLS 1718 SC Emmendingen - SC Viernheim"]
[Site "?"]
[Date "2018.02.25"]
[Round "10.7"]
[White "Fedorchuk, Sergey"]
[Black "Miezis, Normunds"]
[Result "1-0"]
[WhiteElo "2634"]
[BlackElo "2442"]
[PlyCount "93"]
[EventDate "2018.??.??"]

1. e4 c5 2. Nf3 e6 3. d4 cxd4 4. Nxd4 a6 5. c4 Nc6 6. Nc3 Nf6 7. Nxc6 dxc6 8.
Qxd8+ Kxd8 9. Bf4 Nd7 10. e5 f6 11. O-O-O Ke7 12. exf6+ gxf6 13. Be2 h5 14. Bc7
b5 15. Ne4 bxc4 16. Bxc4 Bh6+ 17. Kb1 Ne5 18. Be2 Bg7 19. f4 Ng4 20. Bb6 f5 21.
Bc5+ Kf7 22. Nd6+ Kg6 23. Nxc8 Rhxc8 24. Rd6 Nf6 25. Rxe6 Re8 26. Rxe8 Rxe8 27.
Bxa6 Ne4 28. Rc1 Rd8 29. Be3 c5 30. a4 Bd4 31. Bxd4 Rxd4 32. b3 h4 33. Kb2 Kf6
34. Rc2 Rd8 35. Bb7 Nd6 36. Bf3 Rc8 37. Bd5 Ke7 38. Re2+ Kf8 39. Re5 c4 40.
Bxc4 Nxc4+ 41. bxc4 Rxc4 42. Rxf5+ Ke7 43. Kb3 Rd4 44. a5 Ke6 45. Rf8 Ke7 46.
Rh8 Rxf4 47. a6 1-0

[Event "2BLS 1718 SC Emmendingen - SC Viernheim"]
[Site "?"]
[Date "2018.02.25"]
[Round "10.8"]
[White "Lodici, Lorenzo"]
[Black "Maze, Sebastien"]
[Result "1/2-1/2"]
[WhiteElo "2427"]
[BlackElo "2620"]
[PlyCount "99"]
[EventDate "2018.??.??"]

1. d4 Nf6 2. c4 d6 3. Nc3 e5 4. Nf3 Nbd7 5. Bg5 Be7 6. e3 O-O 7. Be2 Ne8 8.
Bxe7 Qxe7 9. b4 Nef6 10. O-O Re8 11. Qc2 c6 12. b5 e4 13. Nd2 c5 14. Nb3 b6 15.
a4 Nf8 16. a5 Rb8 17. Ra2 h5 18. Rfa1 h4 19. h3 Bb7 20. axb6 axb6 21. Ra7 Ng6
22. d5 Qe5 23. Nd2 Bc8 24. Rc7 Bf5 25. Ra6 Re7 26. Rc6 Reb7 27. Na4 Nd7 28. Qc3
Qe7 29. Bg4 Bxg4 30. hxg4 Nge5 31. Nxe4 Nxc6 32. dxc6 Qxe4 33. cxb7 Qxg4 34. f3
Qg5 35. Ra8 Qd8 36. Rxb8 Qxb8 37. Qd3 Qxb7 38. Qxd6 Qa7 39. Kh2 Kh7 40. Qd3+ g6
{(=)} 41. Nc3 Qc7+ 42. f4 Nf6 43. Ne4 Nxe4 44. Qxe4 Qd7 45. f5 Qd6+ 46. Qf4
Qxf4+ 47. exf4 gxf5 48. Kh3 Kh6 49. Kxh4 Kg6 50. Kg3 1/2-1/2

[Event "2BLS 1718 SC Eppingen - SC Untergrombac"]
[Site "?"]
[Date "2018.02.25"]
[Round "10.1"]
[White "Velten, Paul"]
[Black "Acs, Peter"]
[Result "1/2-1/2"]
[WhiteElo "2478"]
[BlackElo "2591"]
[PlyCount "70"]
[EventDate "2018.??.??"]

1. d4 d5 2. c4 c6 3. e3 Nf6 4. Nf3 Bg4 5. h3 Bxf3 6. Qxf3 e6 7. Nc3 Bb4 8. cxd5
cxd5 9. Bd2 O-O 10. Bd3 Nc6 11. a3 Bd6 12. O-O a6 13. b4 Qe7 14. Rfd1 Rfe8 15.
Bf1 Rac8 16. Be1 Bb8 17. g3 Qd7 18. b5 axb5 19. Bxb5 Red8 20. Rab1 Qe7 21. a4
Ne8 22. Rb3 Nd6 23. Bd3 f5 24. Rdb1 Qf7 25. Qg2 Na5 26. Rb4 Rd7 27. Ne2 Kh8 28.
R4b2 Nac4 29. Ra2 Rc6 30. Bb4 Ne4 31. Rc1 Bd6 32. Bxd6 Rcxd6 33. Bxc4 dxc4 34.
Nf4 Rc7 35. Rb2 g5 {(=)} 1/2-1/2

[Event "2BLS 1718 SC Eppingen - SC Untergrombac"]
[Site "?"]
[Date "2018.02.25"]
[Round "10.2"]
[White "Noe, Christopher"]
[Black "Fuchs, Heinz"]
[Result "1-0"]
[WhiteElo "2487"]
[BlackElo "2252"]
[PlyCount "159"]
[EventDate "2018.??.??"]

1. d4 d5 2. Nf3 Nf6 3. Bf4 e6 4. e3 c5 5. c3 Qb6 6. Qb3 Nc6 7. Qxb6 axb6 8. Bb5
Be7 9. Bc7 Nd7 10. Nbd2 Bd8 11. Bxd8 Kxd8 12. O-O h6 13. c4 cxd4 14. cxd5 exd5
15. exd4 Ndb8 16. Rfc1 Be6 17. Nf1 Ke7 18. Ne3 Kd6 19. a3 Ra5 20. Bd3 g6 21.
Rc3 Nd7 22. Rd1 Rha8 23. Rb3 Rc8 24. Rc3 Ne7 25. Rb3 Nc6 26. Kf1 Rc7 27. Bb5
Ra8 28. Rc3 Rac8 29. Bd3 Ncb8 30. Rb3 Nc6 31. Ke1 Ra8 32. Rc3 Rac8 33. Rb3 Ra8
34. h3 Re8 35. Kd2 Rec8 36. Ke2 Re8 37. Kf1 Rec8 38. Ke1 Re8 39. Rc3 Rec8 40.
Rdc1 Ne7 41. Rxc7 Rxc7 42. Rxc7 Kxc7 43. Nd1 Nc6 44. Nc3 Kd6 45. b4 Ke7 46. Ke2
Kd6 47. Ke3 Ke7 48. Bb1 Kd6 49. Nb5+ Ke7 50. Ba2 g5 51. Nc3 Kd6 52. Nb5+ Ke7
53. h4 f6 54. g3 Nd8 55. hxg5 hxg5 56. Nd2 Nc6 57. Nb1 f5 58. N1c3 Nf6 59. Na4
Nd7 60. f3 Nd8 61. Bb3 Nf7 62. Nac3 Nf6 63. Nc7 Kd6 64. N3b5+ Ke7 65. Nc3 Kd6
66. Na8 Nd7 67. Ba4 Nf6 68. Nb5+ Kc6 69. Nbc7+ Kd6 70. Nxe6 Kxe6 71. Nxb6 Kd6
72. Nc8+ Ke6 73. Bc2 Nd7 74. a4 Nh6 75. a5 Nb8 76. b5 Nf7 77. Bd3 Nd8 78. a6
bxa6 79. bxa6 Nbc6 80. a7 1-0

[Event "2BLS 1718 SC Eppingen - SC Untergrombac"]
[Site "?"]
[Date "2018.02.25"]
[Round "10.3"]
[White "Sieglen, Joachim"]
[Black "Mesaros, Florian"]
[Result "0-1"]
[WhiteElo "2201"]
[BlackElo "2425"]
[PlyCount "46"]
[EventDate "2018.??.??"]

1. d4 d5 2. c4 e6 3. Nf3 Nf6 4. g3 dxc4 5. Bg2 Bb4+ 6. Bd2 a5 7. Qc2 Bxd2+ 8.
Nbxd2 b5 9. a4 c6 10. b3 cxb3 11. Nxb3 b4 12. Ne5 Nd5 13. Nxc6 Nxc6 14. Qxc6+
Bd7 15. Qc5 Rc8 16. Qxa5 Qxa5 17. Nxa5 Nc3 18. Nb7 Ke7 19. Nc5 Rhd8 20. a5 Bb5
21. Nb3 Bc4 22. a6 Bxb3 23. a7 Bd5 0-1

[Event "2BLS 1718 SC Eppingen - SC Untergrombac"]
[Site "?"]
[Date "2018.02.25"]
[Round "10.4"]
[White "Medvegy, Zoltan"]
[Black "Schneider, Bernd"]
[Result "1-0"]
[WhiteElo "2540"]
[BlackElo "2256"]
[PlyCount "54"]
[EventDate "2018.??.??"]

1. d4 Nf6 2. c4 e5 3. dxe5 Ng4 4. e3 Nxe5 5. Nh3 Nbc6 6. Be2 Ng6 7. O-O d6 8.
Nf4 Nxf4 9. exf4 Be7 10. Be3 Bf6 11. Qd2 a5 12. Nc3 b6 13. Bf3 Bb7 14. Nd5 O-O
15. Rfe1 Ra7 16. Rad1 Nb4 17. Nxf6+ Qxf6 18. Bxb7 Rxb7 19. a3 Nc6 20. Qd5 Nd8
21. f5 Qe5 22. Qf3 Qxb2 23. Bd4 Qc2 24. f6 g6 25. Be3 Qxc4 26. Bh6 Qc6 27. Qe3
Qxg2+ 1-0

[Event "2BLS 1718 SC Eppingen - SC Untergrombac"]
[Site "?"]
[Date "2018.02.25"]
[Round "10.5"]
[White "Cofman, Veaceslav"]
[Black "Guliyev, Namig"]
[Result "0-1"]
[WhiteElo "2218"]
[BlackElo "2538"]
[PlyCount "106"]
[EventDate "2018.??.??"]

1. d4 d5 2. Bf4 Nf6 3. e3 c5 4. c3 Nc6 5. Nf3 Qb6 6. Qb3 c4 7. Qc2 Bf5 (7... e6
8. h3 Qd8 9. Nbd2 b5 10. Be2 Bd6 11. Bxd6 Qxd6 12. O-O h6 13. Bd1 O-O) 8. Qc1
e6 9. h3 Qd8 10. Nbd2 b5 11. Be2 Bd6 12. Bxd6 Qxd6 13. O-O h6 14. Bd1 O-O 15.
Bc2 Rab8 16. Re1 Bxc2 17. Qxc2 Rfc8 18. e4 dxe4 19. Nxe4 Nxe4 20. Qxe4 b4 21.
Qc2 bxc3 22. bxc3 Qa3 23. Rab1 Ne7 24. Ne5 Nd5 25. Rxb8 Rxb8 26. Nxc4 Qxc3 27.
Qxc3 Nxc3 28. Re3 Rb1+ 29. Kh2 Rc1 30. Ne5 Rc2 31. f3 a5 32. Rd3 a4 33. a3 Nd5
34. Ng4 Nf4 35. Ne3 Rc1 36. Rd2 Rc3 37. Nc2 Kf8 38. Kg1 g5 39. Kf2 Ke7 40. Ke1
h5 41. Kf2 f5 42. Ke1 Kd6 43. Kf2 h4 44. Ne3 Nd5 45. Re2 Nf4 46. Rd2 Kc6 47.
Nc2 Kb5 48. d5 exd5 49. Nd4+ Kc4 50. Nxf5 Rxa3 51. g3 hxg3+ 52. Kxg3 Rd3 53.
Rc2+ Kb3 0-1

[Event "2BLS 1718 SC Eppingen - SC Untergrombac"]
[Site "?"]
[Date "2018.02.25"]
[Round "10.6"]
[White "Hacker, Jonas"]
[Black "Florea, Dan"]
[Result "1/2-1/2"]
[WhiteElo "2338"]
[BlackElo "2260"]
[PlyCount "50"]
[EventDate "2018.??.??"]

1. e4 e6 2. d4 d5 3. Nc3 Nf6 4. e5 Nfd7 5. f4 c5 6. Nf3 Nc6 7. Be3 a6 8. Qd2 b5
9. dxc5 Bxc5 10. Bd3 Qb6 11. Bf2 O-O 12. O-O f6 13. exf6 Nxf6 14. Rae1 Bd7 15.
a3 Rae8 16. Bxc5 Qxc5+ 17. Kh1 b4 18. axb4 Nxb4 19. Ne5 Bb5 20. Ra1 Bxd3 21.
cxd3 Nc6 22. Na4 Qb5 23. Nc3 Qc5 24. Na4 Qb5 25. Nc3 Qc5 1/2-1/2

[Event "2BLS 1718 SC Eppingen - SC Untergrombac"]
[Site "?"]
[Date "2018.02.25"]
[Round "10.7"]
[White "Doll, Stefan"]
[Black "Bilchinski, Anton"]
[Result "0-1"]
[WhiteElo "2131"]
[BlackElo "2276"]
[PlyCount "56"]
[EventDate "2018.??.??"]

1. e4 Nf6 2. e5 Nd5 3. d4 d6 4. Bc4 Nb6 5. Bb3 Bf5 6. e6 fxe6 7. g4 Be4 8. f3
Bd5 9. Qd3 Bxb3 10. axb3 e5 11. dxe5 e6 12. exd6 Bxd6 13. Qb5+ Nc6 14. Bg5 Be7
15. Be3 O-O 16. Nd2 Bh4+ 17. Kf1 Nd5 18. Bc5 Qg5 19. Qe2 Rf7 20. h3 Qf6 21. c3
Nxc3 22. bxc3 Qxc3 23. Rd1 Qxc5 24. Ne4 Qe5 25. Kg2 Raf8 26. Qe3 a5 27. Rd3 Nb4
28. Qd4 Nxd3 0-1

[Event "2BLS 1718 SC Eppingen - SC Untergrombac"]
[Site "?"]
[Date "2018.02.25"]
[Round "10.8"]
[White "Gibicar, Danijel"]
[Black "Doll, Alexander"]
[Result "1/2-1/2"]
[WhiteElo "2258"]
[BlackElo "1975"]
[PlyCount "94"]
[EventDate "2018.??.??"]

1. e4 e5 2. Nf3 Nc6 3. Bb5 a6 4. Ba4 d6 5. Bxc6+ bxc6 6. d4 f6 7. Nc3 Ne7 8.
Be3 Rb8 9. dxe5 fxe5 10. Qd3 Bg4 11. O-O-O Qc8 12. h3 Bxf3 13. gxf3 g6 14. h4
h5 15. b3 Bh6 16. Bxh6 Rxh6 17. Qe3 Rh8 18. f4 exf4 19. Qxf4 Rf8 20. Qe3 Qb7
21. f4 Qb6 22. Qg3 a5 23. Rhf1 Qc5 24. Kb2 Rb4 25. a3 Rd4 26. Na4 Rxd1 27. Rxd1
Qb5 28. c4 Qb7 29. Rf1 Qc8 30. Rg1 Qe6 31. Nc3 a4 32. Nxa4 Qf6+ 33. Nc3 Qxf4
34. Qxf4 Rxf4 35. a4 Kd7 36. a5 Kc8 37. Rh1 Kb7 38. b4 Ng8 39. Rg1 Nf6 40. e5
dxe5 41. Rxg6 Ne4 42. a6+ Kxa6 43. b5+ Ka7 44. Nxe4 Rxe4 45. Rxc6 Kb7 46. Rc5
Rxh4 47. Rxe5 Rxc4 1/2-1/2